[Event "IND-ch 59th"]
[Site "New Delhi"]
[Date "2023.01.01"]
[Round "11"]
[White "Mithun, Anand V"]
[Black "Aaditya, Dhingra"]
[Result "1-0"]
[WhiteElo "1848"]
[BlackElo "2172"]
[PlyCount "82"]
[EventDate "2022.12.22"]
[EventType "swiss"]
[EventRounds "13"]
[EventCountry "IND"]
[SourceTitle "CBM 211 Extra"]
[Source "ChessBase"]
[SourceDate "2023.01.31"]
[SourceVersion "1"]
[SourceVersionDate "2023.01.31"]
[SourceQuality "1"]

1. e4 e5 2. Nf3 Nc6 3. Bb5 a6 4. Ba4 Nf6 5. 0-0 Nxe4 6. d4 b5 7. Bb3 d5 8. dxe5 Be6 9. Qe2 Be7 10. Rd1 0-0 11. c4 bxc4 12. Bxc4 Bc5 13. Be3 Bxe3 14. Qxe3 Qb8 15. Bb3 Na5 16. Nbd2 Nxd2 17. Nxd2 Rc8 18. Rac1 Qb6 19. Qc5 Nc4 20. Qxb6 cxb6 21. Bxc4 dxc4 22. Ne4 b5 23. Nd6 Rc6 24. f4 g6 25. h3 h5 26. Rd4 Rb8 27. Kh2 h4 28. g4 hxg3+ 29. Kxg3 a5 30. h4 b4 31. Ne4 c3 32. bxc3 Bxa2 33. Rcd1 Kg7 34. cxb4 axb4 35. Nf6 b3 36. h5 Rcc8 37. h6+ Kh8 38. e6 b2 39. e7 Rg8 40. Nxg8 b1Q 41. Rxb1 Rc8 1-0